Activo Quiz Stats

 Plays Quiz not verified by Sporcle

Challenge
Share
Tweet
Embed
Score 0/10 Timer 01:00
0 Plays Today
Hint Answer % Correct
Who is a fish bowl head t4at?Mikey
100%
Ginger bird he necked?Ellie Turner
100%
Who she tried to neck in apartment?Lipo
100%
Who he copied his rab coat off?Lewi
100%
Who he motivated to get good grades?Gell
100%
Johny doesn't come out, who else doesn't?Franny
100%
Who does he have the same hair as in the group?Gell
100%
Laughs when this person says chat sh!t no whiff, who says this?Bainesy
66.7%
Who he had beef with over a bird?Johny
66.7%
Bird he's been trying to pull?Emily
33.3%

You're not logged in!

Compare scores with friends on all Sporcle quizzes.
Join for Free
OR
Log In

You Might Also Like...

Show Comments

Extras

Created Jan 12, 2016ReportFavoriteNominate

Top Quizzes Today


Score Distribution

Your Account Isn't Verified!

In order to create a playlist on Sporcle, you need to verify the email address you used during registration. Go to your Sporcle Settings to finish the process.

Report this User

Report this user for behavior that violates our Community Guidelines.

Details: